00391pab a2200133 454500008004000000100003000040245007200070260000900142300001400151362000800165650002600173650001000199773004800209180718b2008 xxu||||| |||| 00| 0 eng d aBernard, Andrew B. et al. aRelative wage variation and industry location in the United Kingdom c2008 ap.431-59. aAug aWages - Great Britain aWages aOxford Bulletin of Economics and Statistics